Language Quiz

Random Language or Country Quiz

Speaking the Lingo Quiz Stats

Quiz Updated Apr 7, 2018

Challenge
Share
Tweet
Embed
Score 0/23 Timer 03:00
5 Plays Today
% Correct
Russia
98.3%
Italy
95.6%
Germany
95.4%
Albania
93.8%
Netherlands
91.1%
Switzerland
79.9%
Switzerland
79.8%
Austria
76.4%
Belgium
70.5%
Belgium
70.5%
Vatican City
61.8%
Kenya
60%
% Correct
Belarus
57.7%
Luxembourg
57.2%
Macedonia
54.4%
Liechtenstein
51.6%
San Marino
51%
Kazakhstan
48.5%
Kosovo
45.3%
Tanzania
42.2%
Uganda
37.8%
Kyrgyzstan
36.8%
Suriname
26.4%

You're not logged in!

Compare scores with friends on all Sporcle quizzes.
Join for Free
OR
Log In

You Might Also Like...

Show Comments

Extras

Top Quizzes Today


Score Distribution

Your Account Isn't Verified!

In order to create a playlist on Sporcle, you need to verify the email address you used during registration. Go to your Sporcle Settings to finish the process.

Report this User

Report this user for behavior that violates our Community Guidelines.

Details: